| 000 | 00644nam a2200229Ia 4500 | ||
|---|---|---|---|
| 003 | 0100 | ||
| 008 | 130227s9999 xx 000 0 und d | ||
| 040 | _cARRUPELIB | ||
| 050 | _aLC189.E83 1973 | ||
| 100 | _aEvetts, Julia | ||
| 245 | 4 | _aThe sociology of educational ideas | |
| 260 | _aLondon and Boston | ||
| 260 | _bRoutledge and Kegan Paul Company | ||
| 260 | _C1973 | ||
| 300 | _aviii | ||
| 300 | _b 168p. 22cm. | ||
| 440 | _aStudents Library of Education | ||
| 650 | _bCollege & school drama - History & criticism | ||
| 650 | _cEnglish drama - History & criticism | ||
| 650 | _dTheater - England - History | ||
| 942 |
_2lcc _06 |
||
| 999 |
_c1900 _d1900 |
||